书目信息 |
| 题名: |
五大国经济与社会发展比较
|
|
| 作者: | 李杰 , 程极明 著 | |
| 分册: | ||
| 出版信息: | 北京 经济科学出版社 2006 |
|
| 页数: | 248 | |
| 开本: | 21cm | |
| 丛书名: | ||
| 单 册: | ||
| 中图分类: | D569 | |
| 科图分类: | ||
| 主题词: | 国际政治 | |
| 电子资源: | ||
| ISBN: | 7-5058-5842-4 | |
| 000 | 00646nam0 2200205 450 | |
| 001 | 0753815641 | |
| 005 | 20070930145655.64 | |
| 010 | @a7-5058-5842-4@d¥33.00 | |
| 100 | @a20070930d km y0chiy0120 ea | |
| 101 | 0 | @achi |
| 200 | 1 | @a五大国经济与社会发展比较@Awu da guo jing ji yu she hui fa zhan bi jiao@e(1990-2005年)@f程极明,李杰著@Fcheng ji ming,li jie zhu |
| 210 | @a北京@c经济科学出版社@d2006 | |
| 215 | @a248@d21cm | |
| 517 | 1 | @a(1990-2005年)@A(1990-2005 nian) |
| 606 | 0 | @a国际政治 |
| 690 | @aD569@v3 | |
| 701 | 0 | @a李杰@Ali jie@4著 |
| 701 | 0 | @a程极明@Acheng ji ming@4著 |
| 801 | 0 | @aCN@bPFT@c20070930 |
| 905 | @a213230@dD569@eg25@f1 | |
| 五大国经济与社会发展比较:(1990-2005年)/程极明,李杰著.-北京:经济科学出版社,2006 |
| 248;21cm |
| ISBN 7-5058-5842-4:¥33.00 |
| ● |
| 相关链接 |
|
|
|
|
正题名:五大国经济与社会发展比较
索取号:D569/g25
 
预约/预借
| 序号 | 登录号 | 条形码 | 馆藏地/架位号 | 状态 | 备注 |
| 1 | 6504487 | 265044873 | 密集书库-海洋学院/ [索取号:D569/g25] | 在馆 |